| 000 | 01660namaa22003251i 4500 | ||
|---|---|---|---|
| 005 | 20260502122209.0 | ||
| 008 | 260414s1995 ua a|||frm||| 000 0 eng d | ||
| 040 |
_aEG-GICUC _beng _cEG-GICUC _dEG-GICUC _erda |
||
| 041 | 0 |
_aeng _beng _bara |
|
| 049 | _aDeposit | ||
| 097 | _aPh.D | ||
| 099 | _aCai01.07.08.Ph.D.1995.Mo.P. | ||
| 100 | 0 |
_aMohamed Darwish Mohamed Betana, _epreparation. |
|
| 245 | 1 | 0 |
_aThe Potential Use Of Genetically Engineered Baculoviruses ( Recombinant DNA ) For Minimizing The Cotton Bollworm, Hrliothis Virescens (F.) To Insecticides / _cBy Mohamed Darwish Mohamed Betana; Supervisor Prof. Dr. Hosni S. M. Fahmy, Prof. Dr. Mohsen EL Guidy, Prof. Dr. Ahmed EL-Sharkaury. |
| 246 | 1 | 5 | _aإمكانية استخدام الفيروسات العصوية المهندسة وراثيا ( Recombinant DNA) كوسيلة لتقليل والتغلب على مشكلة مقاومة دودة اللوز الأمريكية Heliothis Virescens (F.) لمفعول المبيدات |
| 264 | 0 | _c1995. | |
| 300 |
_a87 Leaves : _billustrations ; _c30 cm. + |
||
| 336 |
_2rda content _atext |
||
| 337 |
_2rdamedia _aUnmediated |
||
| 338 |
_2rdacarrier _avolume |
||
| 502 | _aThesis (Ph.D)-Cairo University, 1995. | ||
| 504 | _aBibliography: pages 75-87. | ||
| 653 | 0 | _aPesticides | |
| 700 | 0 |
_aHosni S. M. Fahmy _ethesis advisor. |
|
| 700 | 0 |
_aMohsen EL Guidy _ethesis advisor. |
|
| 700 | 0 |
_aAhmed EL-Sharkaury _ethesis advisor. |
|
| 900 |
_DDepartment of Pesticides _FFaculty of Agriculture _UCairo University _b1995 _cHosni S. M. Fahmy _cMohsen EL Guidy _cAhmed EL-Sharkaury |
||
| 905 |
_aEman El gebaly _eNourhan |
||
| 942 |
_2ddc _cTH _e21 _n0 |
||
| 999 | _c179454 | ||